Skispringen Weltcup - Austragungsorte seit 2015 (Herren) - Statistiken

Allgemein
  • Dieses Quiz wurde 297 mal gespielt
    220 seit der letzten Aktualisierung
  • Das Durchschnittsergebnis liegt bei 17 aus 27
Antwortstatistiken
Land Zuletzt Ort % Korrekt
Österreich 24/25 Innsbruck
93%
24/25 Oberstdorf
90%
24/25* Oberstdorf
90%
24/25 Oslo
90%
24/25 Garmisch-Partenkirchen
89%
24/25 Bischofshofen
87%
24/25 Willingen
84%
Slowenien 24/25* Planica
77%
24/25 Lahti
74%
Japan 24/25 Sapporo
73%
24/25 Zakopane
72%
23/24 Trondheim
71%
Schweiz 24/25 Engelberg
69%
Norwegen 24/25 Lillehammer
69%
24/25* Vikersund
69%
Finnland 24/25 Ruka
66%
Polen 24/25 Wisla
64%
23/24 Klingenthal
57%
Deutschland 24/25 Titisee-Neustadt
57%
22/23* Bad Mitterndorf
53%
USA 23/24 Lake Placid
51%
Italien 19/20 Predazzo
50%
Kasachstan 15/16 Almaty
35%
Russland 21/22 Nischni Tagil
29%
Rumänien 22/23 Rasnov
27%
15/16 Kuopio
23%
Südkorea 17/18 Pyenogchang
17%
Keine übereinstimmenden Quizze gefunden
Verteilung der Resultate
Anzahl Personen mit jedem Resultat
Perzentil nach korrekt beantworteten Fragen
Ihre Resultats-Entwicklung
Sie haben dieses Quiz seit der letzten Aktualisierung nicht gespielt